000 00330nam a22001457a 4500
003 SGT
020 _a978-93-325-8686-4
082 _a579
_bMAD
100 _aMADIGAN, MICHAEL T.
245 _aBROCK BIOLOGY OF MICROORGANISMS
260 _aINDIA
_bPEARSON PUB.
_c2017
300 _a1207
650 _aBIOLOGY
942 _2ddc
_cBK
999 _c32418
_d32418